Missing Word: Shades of Green Quiz Stats

 Plays Quiz Updated Aug 13, 2013

Support Sporcle.
Go Orange.
Score 0/14 Timer 02:00
0 Plays Today
Phrase Shade of Green % Correct
Key _____ PieLime
93.3%
Praying _____Mantis
87.5%
_____ CityEmerald
84.8%
The ____ BookJungle
81.7%
The _____ GardenOlive
74.1%
The Deer ____Hunter
74.1%
_____ Ice CreamPistachio
65%
Phrase Shade of Green % Correct
_____ ConditionMint
61.2%
Nottingham _____ FCForest
38%
Dr. Bunsen _____Honeydew
34.4%
____ CollegeDartmouth
23%
Mara _____ SkywalkerJade
16.3%
Blue-Winged _____Teal
15.3%
Lower Saxon _____ RoadAsparagus
4%

Today's Daily Dose

Word Ladder
Emancipation Day

Quick Pick
SNL Quotes

Get the Picture
June Holidays

You're not logged in!

Compare scores with friends on all Sporcle quizzes.
OR
Log In

From the Vault

Name Swap Match-Up

by BeerHound

Reasons to change your name: moving across the country, colonization and better branding.
Remove Ads.
Support Sporcle.
Get the best of Sporcle when you Go Orange. This ad-free experience offers more features, more stats, and more fun while also helping to support Sporcle. Thank you for becoming a member.

Show Comments

Extras

Top Quizzes Today


Score Distribution

Your Account Isn't Verified!

In order to create a playlist on Sporcle, you need to verify the email address you used during registration. Go to your Sporcle Settings to finish the process.

Report this User

Report this user for behavior that violates our Community Guidelines.

Details: